Physics and Engineering of Radiation Detection /

Salvato in:
Dettagli Bibliografici
Autore principale: Ahmed, Syed Naeem (Autore)
Natura: Libro
Lingua:inglese
Pubblicazione: San Diego : Academic Press, 2007
Edizione:1. vyd.
Tags: Aggiungi Tag
Nessun Tag, puoi essere il primo ad aggiungerne!!

MARC

LEADER 00000nam a22000003a 4500
001 0079799
003 SK-STU
005 20200124134047.1
007 ta
008 200124s ----xo-----e------000-0-----d
020 |a 978-0-12-045581-2 
040 |a STU  |b slo 
041 0 |a eng 
044 |a xxu 
080 |a 536.2 
100 1 |a Ahmed, Syed Naeem  |4 aut  |r Z6 
245 1 0 |a Physics and Engineering of Radiation Detection /  |c aut. Syed Naeem Ahmed 
250 |a 1. vyd. 
260 |a San Diego :  |b Academic Press,  |c 2007 
300 |a 764 s. 
996 |b 284EK90096  |c E* 90096  |l EE36  |s P  |a 0  |w 0079799_0001